000 00486nam a2200193Ia 4500
001 7544
003 IVS
005 20250626025215.0
008 211022s9999 xx 000 0 und d
040 _cIVS
082 _a720 NUS
100 _aNusrat Latif
245 4 _aThe web of shopping
260 _aKarachi
260 _bIndus Valley School
260 _c2003
856 _uhttps://drive.google.com/file/d/1KsjcsWBbuw9zcGFEoE4v9JhbLSUWtuNU/view?usp=sharing
942 _cDISS
_n0
_2ddc
999 _c3840
_d3840